000 00548nam a2200157Ia 4500
008 220216s9999 xx 000 0 und d
100 _aHamm
_BStephen
245 0 _aInvestigations on the extraction and migration behavior of polycyclic aromatic hydrocarbons (PAHs) from cured rubber formulations containing carbon black as reinforcing agent
260 _bRubber Chemistry and Technology
_c2009
300 _a214-228
700 _aFrey Thomas
700 _aNibubit Gilles
700 _aPetiniot Nicole
700 _aWeinard Rudolf
942 _cJS
999 _c61652
_d61652